000 00359nam a22001337a 4500
005 20250519113920.0
008 250519b |||||||| |||| 00| 0 eng d
041 _aEnglish
100 _aChakraborty Bani
_9208058
245 _aTextbook of Mental Health Nursing for GNM Students
260 _bEMMESS Medical Publishers
365 _bRs. 795.00
942 _cDB
999 _c366414
_d366414